Sanat - "Joulupuu on rakennettu" - Statistics

Yleistilastot
  • Tätä visaa on pelattu 649 kertaa
  • Keskiarvotulos 34 / 57
Vastaustilastot
Sanat % Oikein
jo
100%
joulu
100%
on
99%
on
99%
ovella;
99%
rakennettu:
99%
Joulupuu
98%
kuusen
97%
Kuusen
97%
namusia
95%
oksilla.
94%
ripustettu
94%
kynttiläiset
93%
ompi
93%
pienet
93%
valaisevat
92%
kauniisti;
91%
ympärillä
88%
lapsukaiset
87%
laulelevat
84%
sulosti.
83%
Kiitos
74%
sulle
74%
Jeesuksemme
72%
kun
71%
71%
71%
Vapahtajamme,
69%
joululahjamme.
68%
tulit
68%
paras
67%
vieraaksemme,
67%
kallis
65%
lahjat
38%
toit
37%
valon,
37%
valon!
37%
ja
36%
Tullessasi
35%
rikkahat;
32%
kaikki
31%
taivaan
30%
tavarat.
29%
Jeesus,
28%
Jeesus,
28%
anteeksannon
27%
runsaat,
27%
autuuden
25%
Anna,
21%
henkes
19%
joulumme!
17%
Siunaa,
17%
uskon
13%
meidän
8%
hyvän
7%
sydämihimme
5%
viritellä
5%
Ehtoja vastaavia visoja ei löytynyt
Tulosjakauma
Jokaisen tuloksen saaneiden osuus
Persentiili vastausten määrän mukaan
Tuloshistoriasi
Et ole pelannut tätä visaa